| 000 | 00779nam a2200253 a 4500 | ||
|---|---|---|---|
| 001 | 000038020 | ||
| 003 | DO-SdBNP | ||
| 005 | 20221202102457.0 | ||
| 007 | ta | ||
| 008 | 130312s2012 dr a 000 0 spa d | ||
| 020 | _a9780985477226 | ||
| 040 |
_aDO-SdBNP _bspa _cBNPHU |
||
| 082 |
_222 _axxx _bS237 |
||
| 245 | 1 | 0 |
_aSanto Domingo y Providence : _bGuía turística = tourist guide / _cGladys Cruz, Luis Oscar López Cruz, Ana Arelys Cruz Cabrera. |
| 246 | _aTourist guide | ||
| 260 |
_aSanto Domingo : _b[s. n.] , _c2012. |
||
| 300 |
_a100 p. : _bil. ; _c28 cm. |
||
| 590 | _aInventariado, 2022 / DG | ||
| 700 | 1 |
_aLópez Cruz, Luis Oscar _964420 |
|
| 700 | 1 |
_aCruz, Gladys _964419 |
|
| 700 | 1 |
_aCruz Cabrera, Ana Arelys _957301 _eautor |
|
| 910 | _aDG | ||
| 942 |
_2ddc _cLBS1 |
||
| 999 |
_c37510 _d37510 |
||